书目信息

书名: Vue应用程序开发 
作者: 刘海 王美妮 主编
出版信息: 北京   人民邮电出版社  2021.3
开本页数: 26cm  238页
丛书名: 成都中慧科技有限公司校企合作系列教材
单 册:
中图分类: TP393.0
科图分类:
主题词: 网页制作工具--wang ye zhi zuo gong ju--程序设计--教材
电子资源:
ISBN: 978-7-115-55180-1
000 01505nam 2200289 450
001 012021000365
005 20210322100516.8
010    @a978-7-115-55180-1@dCNY49.80
100    @a20210312d2021 em y0chiy50 ea
101 @achi
102    @aCN@b110000
105    @aak z 000yy
106    @ar
200 @aVue应用程序开发@AVueying yong cheng xu kai fa@d= Vue application development@f刘海, 王美妮主编@zeng
210    @a北京@c人民邮电出版社@d2021.3
215    @a238页@c图@d26cm
225 @a成都中慧科技有限公司校企合作系列教材@Acheng du zhong hui ke ji you xian gong si xiao qi he zuo xi lie jiao cai
300    @a产教融合信息技术类“十三五”规划教材
330    @a本书较为全面地介绍了Vue.js技术的基础知识与实战项目开发, 每个章节都以案例教学为引导, 以培养读者能力为目的, 充分体现了“做中学”“学中做”的思想, 以方便更多的初学者轻松地掌握本书的内容。本书分为3篇, 第1篇为基础知识, 包括第1-6章; 第2篇为工程化项目开发, 包括第7-9章; 第3篇为工程化项目实战, 包括第10章。各章具体内容为Vue.js入门、第一个Vue.js应用、Vue.js内置指令、Vue.js组件、Vue.js过滤器和自定义指令、Vue.js过渡和动画、Vue脚手架、Vuex、跨平台开发Weex和实训项目开发。
410  0 @12001 @a成都中慧科技有限公司校企合作系列教材
510 @aVue application development@zeng
606 @a网页制作工具@Awang ye zhi zuo gong ju@x程序设计@j教材
690    @aTP393.0@v5
701  0 @a刘海@Aliu hai@4主编
701  0 @a王美妮@Awang mei ni@4主编
801  0 @aCN@bCDNYKJZYXY@c20210312
905    @aCDNYKJZYXY@b300616606-8@dTP393.0@e659@f3
    
    Vue应用程序开发= Vue application development/刘海, 王美妮主编.-北京:人民邮电出版社,2021.3
    238页:图;26cm.-(成都中慧科技有限公司校企合作系列教材)
    产教融合信息技术类“十三五”规划教材
    
    ISBN 978-7-115-55180-1:CNY49.80
    本书较为全面地介绍了Vue.js技术的基础知识与实战项目开发, 每个章节都以案例教学为引导, 以培养读者能力为目的, 充分体现了“做中学”“学中做”的思想, 以方便更多的初学者轻松地掌握本书的内容。本书分为3篇, 第1篇为基础知识, 包括第1-6章; 第2篇为工程化项目开发, 包括第7-9章; 第3篇为工程化项目实战, 包括第10章。各章具体内容为Vue.js入门、第一个Vue.js应用、Vue.js内置指令、Vue.js组件、Vue.js过滤器和自定义指令、Vue.js过渡和动画、Vue脚手架、Vuex、跨平台开发Weex和实训项目开发。
相关链接 在五车中查询图书 在当当中查询图书 在豆瓣中查询图书


正题名:Vue应用程序开发     索取号:TP393.0/659         预约/预借

序号 登录号 条形码 馆藏地/架位号 状态 备注
1 616606   300616606   海科-1楼/6架7列6层/ [索取号:TP393.0/659] 在馆    
2 616607   300616607   海科-1楼/6架7列6层/ [索取号:TP393.0/659] 在馆    
3 616608   300616608   海科-1楼/6架7列6层/ [索取号:TP393.0/659] 在馆